Ovčie mlieko ako významná potravina a surovina bakalárska práca CD

Enregistré dans:
Détails bibliographiques
Auteur principal: Marček, Anita
Format: Logiciel Livre
Langue:slovaque
Publié: Bratislava STU FCHPT 2013
Accès en ligne:Voir à l'OPAC
Tags: Ajouter un tag
Pas de tags, Soyez le premier à ajouter un tag!

MARC

LEADER 00000nam a2200000 a 4500
005 20260127134303.0
007 co ugu
008 131015 2013 000 0 slo d
035 |a vtls010550813 
039 9 |y 201310151120  |z mschk03 
040 |a STUSCHK1  |b slo  |c STUSCHK1  |e AACR2 
100 1 |a Marček, Anita 
245 1 |a Ovčie mlieko ako významná potravina a surovina  |b bakalárska práca CD  |c Anita Marček 
260 |a Bratislava  |b STU FCHPT  |c 2013 
300 |a 1 optický disk 
500 |a Obhájené: 09.07.2013 
500 |a Štud. program: Výživa-kozmetika-ochrana zdravia 
500 |a Štud. odbor: Potravinárstvo 
500 |a Škol. pracovisko: Odd. potravinárskej technológie 
500 |a Evid. číslo: FCHPT-13046-43344 
910 |a SCHK95 
999 |c 8824  |d 8824